| Registos Bibliográficos associados ao registo de autoridade |
|
Etiqueta de registo: 00000nam 2200025 450 001 2281374 003 http://id.bnportugal.gov.pt/bib/catbnp/2281374 100 ## $a20260318d2025 k y0pory01030103ba 101 0# $aeng$dpor 102 ## $aPT 105 ## $aa m 000yy 106 ## $ar 200 1# $aTemperature-dependent behaviour and viscoelasticity of fibre polymer composites and
polymeric foams used in sandwich panels$fEloísa Maria Castilho dos Santos$gorient. João Pedro Lage da Costa Firmo, Mário Alexandre de Jesus Garrido, João Pedro
Ramôa Ribeiro Correia 210 #9 $aLisboa$c[s.n.],$d2025 215 ## $aXXVI, 181 p.$cil.$d30 cm 328 #1 $aTese dout. Engenharia Civil, Instituto Superior Técnico, Universidade de Lisboa, 2025 675 ## $a624.03(043)$vBN$zpor$31438267 700 #1 $aSantos,$bEloísa Maria Castilho dos$31992174 702 #1 $aFirmo,$bJoão Pedro Lage da Costa$4727$31621078 702 #1 $aGarrido,$bMário Alexandre de Jesus$4727$31651755 702 #1 $aCorreia,$bJoão Pedro Ramôa Ribeiro,$f1978-$4727$31195148 801 #0 $aPT$bBN$gRPC 966 ## $lBN$mFGMON$sS.A. 193373 V.$x1 971 ## $corlando$d20260318 973 ## $cmlsousa$d20260320
|
|
|